US Presidential Trios Quiz Stats

Quiz Updated May 14, 2016

Challenge
Share
Tweet
Embed
Score 0/20 Timer 11:00
3 Plays Today
% Correct
was assassinated
76%
died on the 4th of July
51.2%
was President for less than two years
50.7%
appointed at least six Supreme Court justices
44.6%
completed exactly two full terms as President
44.4%
won a Nobel Prize
42.5%
attended Harvard
42.3%
was born west of the Mississippi River
40.3%
took office as a Whig
39.7%
never earned a college degree
39.3%
% Correct
was governor of New York
39.1%
appointed no Supreme Court justices
38.9%
was born in Virginia
38.5%
won a Grammy Award
37.9%
was a Civil War general
37.1%
was president of a college or university
36.7%
served as Vice President
33.7%
was born in New England
33.5%
lived to be at least 90 years old
29.2%
headed a US Cabinet department
25.9%

You're not logged in!

Compare scores with friends on all Sporcle quizzes.
Sign Up with Email
OR
Log In

You Might Also Like...

Show Comments

Extras

Top Quizzes Today


Score Distribution

Your Account Isn't Verified!

In order to create a playlist on Sporcle, you need to verify the email address you used during registration. Go to your Sporcle Settings to finish the process.